000 00554nam a2200205Ia 4500
003 OSt
005 20230425102647.0
008 210423s2010 xx 000 0 und d
020 _a9781107601734
040 _cAL
041 _aeng
082 _a510
_223
_bBOLB
100 _aBOLLOBAS (Bela).
_953765
245 _aArt of mathematics: coffee time in memphis.
260 _aNew Delhi
_bCambridge University Press
_c2010
300 _axiv,370
_bPB
365 _b495
_cINR
906 _aArt ; coffee ; mathematics: ; memphis. ; time
942 _2ddc
_cBK
999 _c160886
_d160886